| 000 | 01023nas a2200349 4500 | ||
|---|---|---|---|
| 001 | BR0601121 | ||
| 003 | BR-BrBNA | ||
| 005 | 20231205105902.0 | ||
| 007 | ta | ||
| 008 | 230509b bl.|||p| |||| 00| 00por d | ||
| 040 |
_aBR-BrBNA _bpor _cBiblioteca Nacional de Agricultura |
||
| 041 | _a(Pt) | ||
| 072 | _aQ03; Q04 | ||
| 100 | 1 | _aTeodoro, V.A.M. | |
| 100 | 1 | _aPinto, P.S. de A. | |
| 100 | 1 | _aBevilacqua, P.D. | |
| 100 | 1 | _aMoraes, M.P. | |
| 100 | 1 | _aVanetti, M.C.D. | |
| 100 | 1 | _aPinto, M.S. | |
| 100 | 1 | _aDias, F.S. | |
| 245 | 1 | _aPrevenção de Yersinia enterocolitica como um perigo microbiológico em fases de abate de suínos | |
| 650 | _aSUÍNO | ||
| 650 | _aABATE | ||
| 650 | _aYERSINIA ENTEROCOLÍTICA | ||
| 650 | _aBACTÉRIA | ||
| 650 | _aANÁLISE MICROBIOLÓGICA | ||
| 650 | _aAPPCC | ||
| 650 | _aMINAS GERAIS | ||
| 773 | 0 |
_tHigiene Alimentar (Brazil) _xISSN 0101-9171 _g(Nov-Dec 2005), v. 19(137) p. 81-86 _wBR0601121 |
|
| 909 |
_a202311 _bLúcia _c55 _dLúcia Elande |
||
| 942 |
_2AGRIS _n0 _cANA |
||
| 999 |
_c185188 _d185188 |
||